000
00196 a2200097 4500
001
12148
100
_a
Kishwar Naheed
245
_a
Ajao Africa
260
_a
_b
Sange Meel
_c
090
_c
9351
_d
9351
942
_a
NUST-CAE
_c
M
_c
36213
999
_c
247221
_d
247221